Municipis de la provincia de Tarragona (amb mapa) - Statistics

General Stats
  • This quiz has been taken 1.311 times
    241 since last reset
  • The average score is 93 of 184
Answers on the Map
Answers color-coded by a green-red scale on the quiz's map according to % correct below.
 
Answer Stats
Comarca Municipi % Correct
Montsià Amposta
92%
Tarragonès Tarragona
92%
Baix Ebre Tortosa
90%
Baix Camp Reus
89%
Tarragonès Salou
86%
Montsià Alcanar
83%
Baix Ebre Deltebre
83%
Baix Penedés el Vendrell
83%
Montsià la Ràpita
83%
Ribera d'Ebre Móra d'Ebre
83%
Alt Camp Valls
82%
Baix Camp Cambrils
80%
Terra Alta Gandesa
80%
Montsià Ulldecona
77%
Baix Camp Vandellòs i l'Hospitalet de l'Infant
77%
Tarragonès Altafulla
76%
Priorat Falset
76%
Conca de Barberà Montblanc
76%
Ribera d'Ebre Móra la Nova
76%
Tarragonès Torredembarra
76%
Montsià la Sénia
75%
Tarragonès Vila-seca
75%
Baix Penedés Calafell
73%
Baix Ebre l'Ametlla de Mar
72%
Baix Camp Mont-roig del Camp
72%
Ribera d'Ebre Ascó
70%
Ribera d'Ebre Flix
70%
Baix Ebre l'Ampolla
70%
Alt Camp Alcover
69%
Baix Penedés Cunit
69%
Tarragonès Constantí
65%
Baix Ebre l'Aldea
65%
Terra Alta Horta de Sant Joan
63%
Alt Camp la Riba
63%
Montsià Sant Jaume d'Enveja
63%
Baix Ebre Benifallet
62%
Terra Alta Bot
62%
Baix Ebre el Perelló
62%
Tarragonès la Canonja
62%
Baix Penedés l'Arboç
62%
Tarragonès la Pobla de Mafumet
61%
Baix Camp la Selva del Camp
61%
Baix Camp Prades
61%
Ribera d'Ebre Tivissa
61%
Baix Ebre Camarles
59%
Baix Camp Riudoms
59%
Tarragonès Roda de Berà
59%
Baix Ebre Roquetes
58%
Conca de Barberà l'Espluga de Francolí
56%
Baix Camp Montbrió del Camp
56%
Tarragonès Creixell
55%
Terra Alta Arnes
54%
Terra Alta Batea
54%
Tarragonès la Riera de Gaià
54%
Ribera d'Ebre la Torre de l'Espanyol
54%
Conca de Barberà Vilanova de Prades
54%
Conca de Barberà Vimbodí i Poblet
54%
Baix Ebre Xerta
54%
Alt Camp Aiguamúrcia
52%
Priorat Cornudella de Montsant
52%
Tarragonès els Pallaresos
52%
Baix Camp les Borges del Camp
52%
Montsià Santa Bàrbara
52%
Baix Camp Almoster
51%
Conca de Barberà Barberà de la Conca
51%
Alt Camp Cabra del Camp
51%
Ribera d'Ebre Miravet
51%
Alt Camp Querol
51%
Baix Camp Riudecanyes
51%
Conca de Barberà Santa Coloma de Queralt
51%
Baix Ebre Aldover
49%
Baix Camp Alforja
49%
Terra Alta Corbera d'Ebre
49%
Tarragonès el Catllar
49%
Baix Penedés la Bisbal del Penedés
49%
Tarragonès la Secuita
49%
Montsià Mas de Barberans
49%
Baix Ebre Paüls
49%
Ribera d'Ebre Rasquera
49%
Baix Camp Vinyols i els Arcs
49%
Tarragonès el Morell
48%
Alt Camp el Pla de Santa Maria
48%
Tarragonès Perafort
48%
Ribera d'Ebre Riba-roja d'Ebre
48%
Baix Camp Riudecols
48%
Tarragonès Vilallonga del Camp
48%
Ribera d'Ebre Benissanet
46%
Ribera d'Ebre Garcia
46%
Tarragonès la Pobla de Montornès
46%
Priorat Marçà
46%
Alt Camp Vila-rodona
46%
Conca de Barberà Vilaverd
46%
Alt Camp Bràfim
45%
Baix Camp Capafonts
45%
Baix Camp Castellvell del Camp
45%
Baix Camp Duesaigües
45%
Montsià Freginals
45%
Baix Camp l'Albiol
45%
Alt Camp la Masó
45%
Priorat la Morera de Montsant
45%
Tarragonès la Nou de Gaià
45%
Priorat la Vilella Baixa
45%
Alt Camp Nulles
45%
Priorat Porrera
45%
Baix Penedés Sant Jaume dels Domenys
45%
Priorat Ulldemolins
45%
Baix Camp Botarell
44%
Ribera d'Ebre Ginestar
44%
Baix Camp l'Aleixar
44%
Terra Alta la Pobla de Massaluca
44%
Tarragonès Salomó
44%
Conca de Barberà Sarral
44%
Alt Camp Vilabella
44%
Baix Camp Vilaplana
44%
Baix Ebre Alfara de Carles
42%
Terra Alta el Pinell de Brai
42%
Alt Camp el Pont d'Armentera
42%
Alt Camp Figuerola del Camp
42%
Priorat la Vilella Alta
42%
Montsià Masdenverge
42%
Baix Camp Maspujols
42%
Baix Camp Pratdip
42%
Baix Penedés Santa Oliva
42%
Conca de Barberà Senan
42%
Conca de Barberà Solivella
42%
Ribera d'Ebre Vinebre
42%
Alt Camp el Milà
41%
Priorat Gratallops
41%
Priorat la Bisbal de Falset
41%
Baix Camp la Febró
41%
Montsià la Galera
41%
Tarragonès Vespella de Gaià
41%
Conca de Barberà Blancafort
39%
Terra Alta Caseres
39%
Baix Penedés el Montmell
39%
Priorat els Guiamets
39%
Montsià Godall
39%
Ribera d'Ebre la Palma d'Ebre
39%
Priorat Margalef
39%
Alt Camp Mont-ral
39%
Conca de Barberà Passanant i Belltall
39%
Conca de Barberà Pira
39%
Priorat Poboleda
39%
Conca de Barberà Pontils
39%
Terra Alta Prat de Comte
39%
Alt Camp Puigpelat
39%
Conca de Barberà Rocafort de Queralt
39%
Baix Ebre Tivenys
39%
Conca de Barberà Vallclara
39%
Conca de Barberà Vallfogona de Riucorb
39%
Alt Camp Alió
38%
Priorat Cabacés
38%
Priorat Capçanes
38%
Conca de Barberà Conesa
38%
Priorat el Masroig
38%
Conca de Barberà les Piles
38%
Alt Camp Vallmoll
38%
Baix Camp Vilanova d'Escornalbou
38%
Baix Camp Arbolí
37%
Alt Camp el Rourell
37%
Alt Camp Montferri
37%
Tarragonès Renau
37%
Alt Camp Rodonyà
37%
Terra Alta Vilalba dels Arcs
37%
Baix Penedés Albinyana
35%
Baix Penedés Bonastre
35%
Priorat el Molar
35%
Conca de Barberà Forès
35%
Terra Alta la Fatarella
35%
Baix Camp Colldejou
34%
Alt Camp els Garidells
34%
Priorat la Figuera
34%
Baix Camp l'Argentera
34%
Baix Penedés Llorenç del Penedés
34%
Conca de Barberà Llorac
32%
Conca de Barberà Savallà del Comtat
32%
Baix Penedés Banyeres del Penedés
31%
Priorat Pradell de la Teixeta
31%
Priorat Torroja del Priorat
31%
Priorat Bellmunt del Priorat
30%
Priorat el Lloar
30%
Priorat la Torre de Fontaubella
30%
Baix Penedés Masllorenç
28%
Baix Penedés Bellvei
27%
No matching quizzes found
Score Distribution
Percent of People with Each Score
Percentile by Number Answered
Your Score History
You have not taken this quiz since the last reset